00605nam a22001817a 4500003000200000005001700002008004100019020002200060050002500082100002000107245005600127260005800183300005200241504005200293650004000345650002400385650001400409020240117111734.0240117b xxu||||| |||| 00| 0 eng d a978-1-119-86644-2 aQA 76.76 b.M44 2022 aMcFedries, Paul aTeach yourself visually windowss 11cPaul McFedries aHoboken, New JerseybJohn Wiley & Sons, Inc. cc2022. a339 pages : bcolored illustrations ; c24 cm.  aIncludes bibliographical references and index.  aMicrosoft windows (computer file).  aOperating systems.  aWindows.